000 01028nam a2200229Ia 4500
001 17046
003 GE_BSU
008 181216s||||||||xx |||||||||||||| ||und||
040 _cGE_BSU
080 _a821.161.1-4 + 94(47+57)"1941-1945"(093.3)
100 _aმენშიკოვი, ვ.
245 _aსაკუთარი ტყავის გადასარჩენად
245 _cდიდ სამამულო ომზე / ვ. მენშიკოვი, ვ. გაევსკი ; მთარგმნ.: ი. გოგილაშვილი, გ. ჩიქობავა
260 _aთბილისი
260 _bსაქ. კპ ცკ-ის გამ-ბა
260 _c1976
300 _a230 გვ. ; 19 სმ.
653 _aდოკ. მოთხრობა
653 _aსაკუთარი ტყავის გადასარჩენად
653 _aსსრ კავშირის დიდი სამამულო ომი
942 _cBK
999 _c50108
_d50108